[Event "Wanna play? :)"]
[Site "http://www.queenalice.com/game.php?id=688133"]
[Date "2009.11.24"]
[Round "-"]
[White "stranieroinpatria"]
[Black "hugo10"]
[Result "1-0"]
[WhiteElo "1559"]
[BlackElo "1442"]

1. e4 e5 2. Nf3 d6 3. Nc3 Bg4 4. Bc4 a6 5. h3 Bxf3 6. Qxf3 Nh6 7. d4 Qf6 8. Qxf6
gxf6 9. Nd5 Kd8 10. O-O exd4 11. Nxf6 Bg7 12. Bg5 Nd7 13. Nh5+ f6 14. Nxg7 Nf7
15. Bxf7 Ke7 16. Bd5 c6 17. Nf5+ Kd8 18. Bh4 cxd5 19. exd5 Rc8 20. Rac1 d3 21.
Nxd6 d2 22. Rcd1 Rxc2 23. Nf7+ Ke8 24. Nxh8 Rxb2 25. f4 Rxa2 26. Rf2 b5 27.
Rfxd2 Ra4 28. Re2+ Kf8 29. Rde1 Nc5 30. Bxf6 Rxf4 31. Re8# 1-0

[Event "Wanna play? :)"]
[Site "http://www.queenalice.com/game.php?id=688134"]
[Date "2009.11.24"]
[Round "-"]
[White "hugo10"]
[Black "stranieroinpatria"]
[Result "0-1"]
[WhiteElo "1431"]
[BlackElo "1564"]

1. e4 e5 2. Nf3 Nc6 3. Bb5 a6 4. Bxc6 bxc6 5. Nxe5 Qe7 6. d4 c5 7. Be3 d6 8. Nd3
Qxe4 9. Qf3 Qxf3 10. gxf3 Bb7 11. Rg1 Bxf3 12. dxc5 g6 13. Bd4 f6 14. Rg3 Be4
15. Rg4 Bxd3 16. cxd3 dxc5 17. Re4+ Ne7 18. Bxc5 Rb8 19. b3 f5 20. Re6 Kf7 21.
Rc6 Nxc6 22. Be3 Bb4+ 23. Kd1 Rbd8 24. d4 Nxd4 25. Nd2 Nf3 26. Ke2 Nxd2 27. Rd1
Rhe8 28. a3 Bc5 29. Ke1 Bxe3 30. fxe3 Rxe3+ 31. Kf2 f4 32. a4 Ne4+ 33. Kg2 Rxd1
34. h4 f3+ 35. Kh3 f2+ 36. Kg4 f1=Q 37. h5 Qf5+ 38. Kh4 Rh1# 0-1

[Event "Challenge"]
[Site "http://www.queenalice.com/game.php?id=689661"]
[Date "2009.11.27"]
[Round "-"]
[White "sermino50"]
[Black "hugo10"]
[Result "1-0"]
[WhiteElo "1334"]
[BlackElo "1393"]

1. Nh3 h6 2. e3 e5 3. Qf3 a6 4. Bc4 Qf6 5. Nc3 c6 6. Ne4 Qxf3 7. gxf3 d5 8. Nd6+
Ke7 9. Nxc8+ Kd8 10. Nb6 Ra7 11. Bd3 Bc5 12. Na4 b5 13. e4 dxe4 14. Nxc5 Nd7 15.
Nxe4 f5 16. Nd6 f4 17. Nf7+ Ke8 18. Nxh8 Nc5 19. Bg6+ Kd8 20. O-O Ne7 21. Nf7+
Kc8 22. Re1 Nxg6 23. d3 Kd7 24. b3 Ke6 25. Nd8+ Kd7 26. Nf7 Ke7 27. Nxe5 Nxe5
28. Rxe5+ Kd6 29. Bxf4 Nd7 30. Re8+ Kc5 31. Be3+ Kb4 32. Re4+ Ka3 33. Bxa7 Kb2
34. Ree1 Kxc2 35. Red1 Ne5 36. Bd4 Nxf3+ 37. Kf1 Nxd4 38. Nf4 a5 39. Ke1 g5 40.
Ng2 Nf3+ 41. Ke2 Nxh2 42. Ne1+ Kc3 43. d4 h5 44. Rab1 a4 45. Rdc1+ Kxd4 46. Nf3+
Nxf3 47. Kxf3 axb3 48. Rxb3 g4+ 49. Ke2 h4 50. Rxc6 h3 51. Rb1 Kd5 52. Rg6 Kc4
53. Rxg4+ Kc5 54. f4 1-0

[Event "Challenge"]
[Site "http://www.queenalice.com/game.php?id=713685"]
[Date "2010.1.14"]
[Round "-"]
[White "hugo10"]
[Black "joserie"]
[Result "0-1"]
[WhiteElo "1431"]
[BlackElo "2389"]

1. e4 c5 2. d3 Nc6 3. a3 d6 4. h3 Nf6 5. Bg5 g6 6. c3 Bg7 7. Bxf6 exf6 8. b4 O-O
9. bxc5 dxc5 10. d4 cxd4 11. Bb5 dxc3 12. Nxc3 Qa5 13. Qb3 Nd4 14. Qb2 Nxb5 15.
Ne2 f5 16. Rc1 Nxc3 17. Nxc3 Qa6 18. f3 Be6 19. Qb5 Bxc3+ 20. Rxc3 Qxb5 21. Kf2
Qb2+ 0-1

[Event "AUTO-INT-1636"]
[Site "http://www.queenalice.com/game.php?id=743894"]
[Date "2010.3.10"]
[Round "1"]
[White "cmnetto"]
[Black "hugo10"]
[Result "1-0"]
[WhiteElo "1766"]
[BlackElo "1418"]

1. d4 h6 2. e4 d5 3. e5 f6 4. Qh5+ Kd7 5. Nc3 c6 6. Nf3 Kc7 7. Bf4 e6 8. exf6+
Bd6 9. Bxd6+ Qxd6 10. Qf7+ Qd7 11. Qxd7+ 1-0

[Event "AUTO-INT-1636"]
[Site "http://www.queenalice.com/game.php?id=743895"]
[Date "2010.3.10"]
[Round "1"]
[White "hugo10"]
[Black "cmnetto"]
[Result "0-1"]
[WhiteElo "1420"]
[BlackElo "1764"]

1. e4 c5 2. d4 cxd4 3. Qxd4 Nc6 4. Qd1 e5 5. Nf3 Nf6 6. Nc3 Bb4 7. Bb5 Nd4 8.
Nxd4 exd4 9. e5 Ne4 10. Bd2 dxc3 0-1

[Event "AUTO-INT-1636"]
[Site "http://www.queenalice.com/game.php?id=743922"]
[Date "2010.3.10"]
[Round "1"]
[White "hugo10"]
[Black "nuage"]
[Result "0-1"]
[WhiteElo "1416"]
[BlackElo "1511"]

1. e4 e5 2. Nf3 Nc6 3. Bb5 a6 4. Bxc6 dxc6 5. Nxe5 Qd4 6. Ng4 Bc5 7. c3 Qxe4+ 8.
Qe2 Qxe2+ 9. Kxe2 Bxg4+ 10. f3 Bf5 11. b4 Bb6 0-1

[Event "AUTO-INT-1636"]
[Site "http://www.queenalice.com/game.php?id=743923"]
[Date "2010.3.10"]
[Round "1"]
[White "nuage"]
[Black "hugo10"]
[Result "1-0"]
[WhiteElo "1523"]
[BlackElo "1404"]

1. e4 e5 2. Nf3 Bd6 3. Bc4 a6 4. O-O b5 5. Bb3 f6 6. d4 g5 7. dxe5 Bxe5 8. Qd5
Nh6 9. Nxe5 c6 10. Qc5 fxe5 11. Qxe5+ 1-0

[Event "Challenge"]
[Site "http://www.queenalice.com/game.php?id=752451"]
[Date "2010.3.27"]
[Round "-"]
[White "hugo10"]
[Black "vult0"]
[Result "0-1"]
[WhiteElo "1381"]
[BlackElo "1851"]

1. e4 e5 2. Nf3 d6 3. a3 Nc6 4. c3 g6 5. b4 Bg7 6. Bb5 Bd7 7. d4 exd4 8. Nxd4
Nxd4 9. cxd4 Bxb5 10. a4 Bc4 11. Na3 Be6 12. Rb1 Nf6 13. e5 Nd5 14. exd6 Nc3 15.
Qc2 Bxd4 16. Bb2 Nxb1 17. Bxd4 Nxa3 18. Qb2 Rg8 19. Bf6 Nc2+ 20. Qxc2 Qxd6 21.
Qc3 b6 22. Bh4 h6 23. O-O Bc8 24. b5 a5 25. Bg3 Qd5 26. Re1+ Kf8 27. Qa3+ Kg7
28. Qc3+ Kh7 29. Qxc7 Bb7 30. f3 Rac8 31. Qxb6 Qd2 32. Qxb7 Rc1 33. Qxf7+ Rg7
34. Qf8 Rxe1+ 35. Bxe1 Qxe1# 0-1

[Event "Challenge"]
[Site "http://www.queenalice.com/game.php?id=752452"]
[Date "2010.3.27"]
[Round "-"]
[White "vult0"]
[Black "hugo10"]
[Result "1-0"]
[WhiteElo "1847"]
[BlackElo "1393"]

1. e4 e5 2. Nf3 d6 3. h3 a6 4. Bc4 h6 5. Nc3 Nf6 6. d3 b5 7. Bb3 b4 8. Nd5 Nxd5
9. Bxd5 Ra7 10. O-O c6 11. Bb3 Be6 12. c4 d5 13. cxd5 cxd5 14. Nxe5 Qd6 15. Bf4
Qd8 16. Qf3 g5 17. Be3 Bg7 18. Bxa7 Bxe5 19. Rab1 h5 20. exd5 g4 21. Ba4+ Bd7
22. Qe3 f6 23. Bxd7+ Qxd7 24. Bd4 Rh7 25. Bxe5 fxe5 26. Qxe5+ Kd8 27. Qxb8+ Ke7
28. Rfe1+ Kf7 29. Qf4+ Kg6 30. Re6+ Kg7 31. Qg5+ Kh8 32. Rbe1 Rg7 33. Qxh5+ Rh7
34. Re8+ Kg7 35. R1e7+ Kf6 36. Qe5+ Kg6 37. Rg8+ Kh6 38. Qg5# 1-0

[Event "Challenge"]
[Site "http://www.queenalice.com/game.php?id=753658"]
[Date "2010.3.29"]
[Round "-"]
[White "HolyPhoenix"]
[Black "hugo10"]
[Result "0-1"]
[WhiteElo "1568"]
[BlackElo "1357"]

1. e4 e5 2. Nf3 d6 3. Nc3 a6 4. Bc4 h6 5. d4 c5 6. d5 Bg4 7. Be3 b5 8. Be2 b4 9.
Nb1 Nf6 10. Bd3 g5 11. O-O Bh5 12. b3 g4 13. Nh4 g3 14. fxg3 Bxd1 15. Rxd1 Ng4
16. Bd2 Qf6 17. Rf1 Qe7 18. Be2 h5 19. Nf5 Qd7 20. a3 Bh6 21. h3 Bxd2 22. hxg4
hxg4 0-1

[Event "LEOKnopp"]
[Site "http://www.queenalice.com/game.php?id=764971"]
[Date "2010.4.23"]
[Round "2"]
[White "LEOKnopp"]
[Black "hugo10"]
[Result "1-0"]
[WhiteElo "1559"]
[BlackElo "1365"]

1. e4 e5 2. Nf3 d6 3. Bc4 h6 4. d3 Be6 5. b3 Bxc4 6. bxc4 Nf6 7. d4 Nc6 8. d5
Nb4 9. Nc3 a6 10. Be3 c6 11. dxc6 bxc6 12. Rb1 a5 13. a3 Na6 14. Na4 Rb8 15. Bb6
Qd7 16. c5 Nxe4 17. h4 dxc5 18. Nxe5 Qxd1+ 19. Kxd1 Nxf2+ 20. Ke2 Nxh1 21. Rxh1
f6 22. Nxc6 Rb7 23. Rd1 Be7 24. Bd8 Rd7 25. Bxe7 Rxd1 26. Kxd1 Kf7 27. h5 Rc8
28. Na7 1-0

[Event "Challenge"]
[Site "http://www.queenalice.com/game.php?id=772496"]
[Date "2010.5.7"]
[Round "-"]
[White "GesetzMeister"]
[Black "hugo10"]
[Result "1-0"]
[WhiteElo "1500"]
[BlackElo "1357"]

1. e4 e5 2. Nf3 d6 3. Bc4 Be6 4. d3 Bxc4 5. dxc4 h6 6. O-O g5 7. b3 a6 8. Qd5 c6
9. Qd3 g4 10. Bb2 a5 11. Nfd2 b5 12. f3 h5 13. fxg4 hxg4 14. cxb5 cxb5 15. Qxb5+
Nd7 16. Qd5 Nb6 17. Qxf7# 1-0

[Event "Challenge"]
[Site "http://www.queenalice.com/game.php?id=772497"]
[Date "2010.5.7"]
[Round "-"]
[White "hugo10"]
[Black "GesetzMeister"]
[Result "0-1"]
[WhiteElo "1391"]
[BlackElo "1753"]

1. e4 e5 2. Nf3 Nc6 3. Bb5 Bc5 4. d3 Nf6 5. h3 d6 6. Bg5 h6 7. Bxf6 Qxf6 8. Nc3
O-O 9. Nd5 Qg6 10. Nxc7 Qxg2 11. Kd2 Qxf2+ 12. Kc1 Rb8 13. Rf1 Qg2 14. Bxc6 bxc6
15. Rg1 Bxg1 16. Nxg1 Bxh3 17. Na6 Rb6 18. Nc7 Bg4 19. Qe1 Rfb8 20. b3 Rc8 21.
Ne6 fxe6 22. Kb2 d5 23. Qh4 c5 24. Qe7 Be2 25. Qxa7 Bxd3 26. Rc1 Rcb8 27. a4
Rxb3+ 28. Ka2 Bxc2 29. Qxc5 Bb1+ 0-1

[Event "Challenge"]
[Site "http://www.queenalice.com/game.php?id=773836"]
[Date "2010.5.11"]
[Round "-"]
[White "hugo10"]
[Black "sermino50"]
[Result "1-0"]
[WhiteElo "1379"]
[BlackElo "1320"]

1. e4 c6 2. d3 Nf6 3. h3 d6 4. Be2 Na6 5. Nf3 d5 6. Nc3 Nc5 7. b4 g6 8. bxc5 h5
9. Bg5 Be6 10. exd5 Nxd5 11. Nxd5 Bxd5 12. Bf4 Qa5+ 13. Qd2 Qxc5 14. c4 Be6 15.
Be3 Qb6 16. Bxb6 axb6 17. Rb1 Bg7 18. Rxb6 O-O-O 19. Qb4 Rd7 20. d4 1-0

[Event "Challenge"]
[Site "http://www.queenalice.com/game.php?id=781093"]
[Date "2010.5.26"]
[Round "-"]
[White "Gesundheitengefangnis"]
[Black "hugo10"]
[Result "1-0"]
[WhiteElo "1563"]
[BlackElo "1369"]

1. e4 e5 2. Nf3 d6 3. Bc4 Be6 4. d3 Bxc4 5. dxc4 Nf6 6. O-O h6 7. b4 Na6 8. b5
Nb4 9. a3 Nxc2 10. Qxc2 c6 11. a4 d5 12. Nxe5 Bd6 13. Qb2 dxc4 14. Nxc4 Bb8 15.
Qb4 Bd6 16. Qb3 Bb8 17. Ne5 Qc7 18. f4 Nxe4 19. Bb2 f6 20. Ng6 Nc5 21. Qe3+ Kf7
22. Nxh8+ Kg8 23. Ng6 Kh7 24. f5 Qxh2+ 25. Kf2 Bf4 26. Qf3 cxb5 27. Nc3 1-0

[Event "Challenge"]
[Site "http://www.queenalice.com/game.php?id=781094"]
[Date "2010.5.26"]
[Round "-"]
[White "hugo10"]
[Black "Gesundheitengefangnis"]
[Result "0-1"]
[WhiteElo "1378"]
[BlackElo "1554"]

1. e4 e5 2. Nf3 Nc6 3. Bb5 Bc5 4. Bxc6 dxc6 5. Nxe5 Qf6 6. Nf3 Bg4 7. d3 O-O-O
8. a3 Nh6 9. Be3 Bd4 10. Nxd4 Bxd1 11. Kxd1 c5 12. Nb5 Qxb2 13. Nxa7+ Kb8 14.
Bxc5 Qxa1 15. Kc1 b6 16. Be7 Rde8 17. Nc6+ Kb7 18. Bb4 Kxc6 19. Bc3 Qa2 20. Bxg7
Rhg8 21. Nc3 Qxa3+ 22. Kd2 Rxg7 23. g3 Ng4 24. Rb1 Qc5 25. f3 Qf2+ 26. Kc1 Ne3
27. Rb2 Qe1+ 0-1

[Event "Challenge"]
[Site "http://www.queenalice.com/game.php?id=795028"]
[Date "2010.6.26"]
[Round "-"]
[White "hugo10"]
[Black "FC"]
[Result "0-1"]
[WhiteElo "1391"]
[BlackElo "1457"]

1. e4 e5 2. Nf3 d6 3. Bc4 Qe7 4. d3 Nf6 5. h3 Nc6 6. a3 Bd7 7. Nc3 O-O-O 8. Bb5
Qe6 9. Bc4 Qe7 10. Bg5 h6 11. Bxf6 Qxf6 12. Bd5 g5 13. Nb5 Nd4 14. Nfxd4 exd4
15. Nxa7+ Kb8 16. e5 Qxe5+ 17. Be4 Qa5+ 18. c3 Qxa7 19. Rg1 dxc3 20. bxc3 f5 21.
Bd5 Re8+ 22. Kd2 Qxf2+ 23. Kc1 Ba4 24. Rf1 Bxd1 25. Rxd1 Re1 0-1

[Event "Challenge"]
[Site "http://www.queenalice.com/game.php?id=805733"]
[Date "2010.7.19"]
[Round "-"]
[White "GesetzMeister"]
[Black "hugo10"]
[Result "1-0"]
[WhiteElo "1772"]
[BlackElo "1378"]

1. e4 e5 2. Nf3 d6 3. Bc4 Be6 4. d3 Bxc4 5. O-O Be6 6. Ng5 h6 7. Nh3 f5 8. c4
fxe4 9. f4 h5 10. fxe5 dxe5 11. dxe4 Bxc4 12. Re1 Bc5+ 13. Be3 Bxe3+ 14. Nf2 1-0

[Event "Challenge"]
[Site "http://www.queenalice.com/game.php?id=805734"]
[Date "2010.7.19"]
[Round "-"]
[White "hugo10"]
[Black "GesetzMeister"]
[Result "0-1"]
[WhiteElo "1378"]
[BlackElo "1773"]

1. e4 e5 2. Nf3 Nc6 3. Bb5 Bc5 4. d3 Nf6 5. Bg5 O-O 6. a3 d6 7. Bxc6 bxc6 8. b4
Bg4 9. h3 Bh5 10. bxc5 d5 11. exd5 Qxd5 12. Nc3 Nd7 13. Nxd5 cxd5 0-1